BUSINESS DATA COMMUNICATIONS AND NETWORKING (Record no. 204628)

MARC details
000 -LEADER
fixed length control field 00566nam a2200205Ia 4500
003 - CONTROL NUMBER IDENTIFIER
control field OSt
005 - DATE AND TIME OF LATEST TRANSACTION
control field 20250811104859.0
020 ## - INTERNATIONAL STANDARD BOOK NUMBER
International Standard Book Number 9814-12-67-678-0
040 ## - CATALOGING SOURCE
Transcribing agency LC
050 ## - LIBRARY OF CONGRESS CALL NUMBER
Classification number TK 5105 .F 577 2001
Item number 1
100 ## - MAIN ENTRY--PERSONAL NAME
Personal name FITZGERALD, JERRY
245 #0 - TITLE STATEMENT
Title BUSINESS DATA COMMUNICATIONS AND NETWORKING
250 ## - EDITION STATEMENT
Edition statement 7
260 ## - PUBLICATION, DISTRIBUTION, ETC.
Place of publication, distribution, etc. NEW YORK,
Name of publisher, distributor, etc. JOHN WILEY & SONS,
Date of publication, distribution, etc. 2001,
300 ## - PHYSICAL DESCRIPTION
Extent XiV, 457 P, ILL
500 ## - GENERAL NOTE
General note INCLUDES INDEX
650 ## - SUBJECT ADDED ENTRY--TOPICAL TERM
Topical term or geographic name entry element Data transmission systems, Computer networks, Office practice--Automation
700 ## - ADDED ENTRY--PERSONAL NAME
Personal name DENNIS ALAN
942 ## - ADDED ENTRY ELEMENTS (KOHA)
Koha item type Short Loan Book
Source of classification or shelving scheme Library of Congress Classification
Suppress in OPAC No
Holdings
Withdrawn status Lost status Source of classification or shelving scheme Damaged status Not for loan Collection Home library Current library Shelving location Date acquired Inventory number Total checkouts Full call number Barcode Date last seen Copy number Price effective from Koha item type
    Library of Congress Classification     Reserve Kisii University Library Kisii University Library On Display 09/15/2023 24002   TK 5105 .F577 2001 000837 09/15/2023 1 09/15/2023 Short Loan Book